000 00693cam a22002177a 4500
003 UPN
005 20221010083658.0
008 221007s1982 mx| ||||r|||| 00| 0 spa d
020 _a9500820080
040 _aMX-MxUPN
_bspa
_cMX-MxUPN
050 4 _aHV40.8 B73
_bF86 1982
245 0 0 _aFunciones del servicio social
250 _a2a edición
260 _aBuenos Aires :
_bHumanitas,
_c1982
300 _a91 páginas
490 0 _aCuadernos del servicio social ;
_v30
650 7 _947063
_aTrabajo social
_zBrasil
650 7 _947061
_aAsistencia social
_zBrasil
710 2 _947060
_aCentro Brasileño de Cooperación e Intercambio de Servicios Sociales
_eeditor
942 _2lcc
_cLIBRO
999 _c208943
_d208943